| 000 | 00494cam a22001697a 4500 | ||
|---|---|---|---|
| 001 | 002173 | ||
| 003 | armpunfd | ||
| 005 | 20140612090701.0 | ||
| 008 | 081028e0####xx#a##########000#0#und#d | ||
| 040 |
_aarmpunfd _carmpunfd |
||
| 080 | _a347.91/95 C 673 | ||
| 100 | 1 | 0 | _a Costantino Juan Antonio |
| 245 | 1 | 0 | _aTratado de las medidas cautelares |
| 260 | _a Santa Fe : Editorial Juridica Panamericana 1997. 279 P. Isbn: 950-9706-45-0. | ||
| 942 |
_cLB _2cdu |
||
| 945 |
_aCatalis _d2010-08-19 |
||
| 999 |
_c2163 _d232667 |
||